[Event "Open Chessmaster"]
[Site "SchemingMind.com"]
[Date "2008.07.29"]
[Round "-"]
[White "sidra"]
[Black "kisei"]
[Result "1-0"]
[WhiteCountry "HUN"]
[BlackCountry "HUN"]
[WhiteElo "1640"]
[WhiteRD "87"]
[BlackElo "2008"]
[BlackRD "73"]
[GameID "165220"]

1. d4 Nf6 2. c4 g6 3. e3 d5 4. c5 Bg7 5. f3 O-O 6. a3 b6 7. b4 Nc6 8. Bb2 bxc5 9. dxc5 a5 10. b5 Na7
11. c6 Rb8 12. a4 Qd6 13. Bd3 Qb4+ 14. Bc3 Qd6 15. Ne2 e5 16. O-O e4 17. fxe4 dxe4 18. Bc2 Qxd1 19. Bxd1 Nd5 20. Bxg7 Kxg7
21. Ra3 Nb4 22. Nd4 Nbxc6 23. Nxc6 Nxc6 24. Nc3 Nb4 25. Nxe4 Bf5 26. Nc5 Rfe8 27. Na6 Nxa6 28. bxa6 Ra8 29. Be2 c5 30. Bb5 Re7
31. Rc1 Rc8 32. h3 Bd7 33. Kf2 Bxb5 34. axb5 Rb7 35. axb7
1-0

[Event "Open Chessmaster"]
[Site "SchemingMind.com"]
[Date "2008.10.09"]
[Round "-"]
[White "29A"]
[Black "gannet"]
[Result "1-0"]
[WhiteCountry "CAN"]
[BlackCountry "GBR"]
[WhiteElo "1886"]
[WhiteRD "84"]
[BlackElo "1942"]
[BlackRD "103"]
[GameID "173900"]

1. e4 c5 2. Nf3 e6 3. d4 cxd4 4. Nxd4 Nc6 5. Nc3 a6 6. Nxc6 bxc6 7. e5 d5 8. exd6 Bxd6 9. Ne4 Bc7 10. Qxd8+ Bxd8
11. Nd6+ Kf8 12. Nxc8 Rxc8 13. Bxa6
1-0

[Event "Open Chessmaster"]
[Site "SchemingMind.com"]
[Date "2008.10.07"]
[Round "-"]
[White "gannet"]
[Black "29A"]
[Result "1-0"]
[WhiteCountry "GBR"]
[BlackCountry "CAN"]
[WhiteElo "1961"]
[WhiteRD "103"]
[BlackElo "1786"]
[BlackRD "92"]
[GameID "173906"]

1. d4 Nf6 2. c4 e6 3. Nc3 b6 4. Nf3 Bb7 5. a3 Be7 6. Qc2 d5 7. Bg5 Nbd7 8. cxd5 exd5 9. e3 O-O 10. Bd3 h6
11. Bh4 c5 12. O-O Re8 13. Rfd1 a6 14. Rab1 Rc8 15. Qe2 b5 16. dxc5 Bxc5 17. Qd2 g5 18. Bg3 Nb6 19. Bf5 Ra8 20. Ne2 Ne4
21. Bxe4 dxe4 22. Qxd8 Raxd8 23. Nfd4 Nc4 24. b3 Nxa3 25. Rbc1 Rc8 26. Nf5 Kh7 27. Rd7 Ba8 28. Nd6 Bxd6 29. Rxc8 Rxc8 30. Bxd6 Nb1
31. h3
1-0

[Event "Open Chessmaster"]
[Site "SchemingMind.com"]
[Date "2009.02.17"]
[Round "-"]
[White "sidra"]
[Black "smothered mate"]
[Result "0-1"]
[WhiteCountry "HUN"]
[BlackCountry "POL"]
[WhiteElo "1618"]
[WhiteRD "84"]
[BlackElo "1868"]
[BlackRD "56"]
[GameID "192051"]

1. d4 d5 2. e3 c5 3. c4 e6 4. a3 Nc6 5. cxd5 exd5 6. dxc5 Bxc5 7. b4 Be7 8. Bb2 Nf6 9. Bb5 O-O 10. Bxc6 bxc6
11. Ne2 a5 12. bxa5 Qxa5+ 13. Bc3 Qb5 14. Nd4 Qc4 15. Nf5 Bxf5 16. Bd4 Bb4+ 17. Nd2 Bxd2+ 18. Qxd2 Ne4 19. Qe2 c5 20. Qxc4 dxc4
21. Bb2 c3 22. Bc1 c4 23. O-O Nc5 24. Re1 Nb3 25. Ra2 Bb1 26. Rae2 Bd3 27. Ra2 Rfb8 28. f4 Nxc1 29. Rxc1 Rb1 30. Rxb1 Bxb1
31. Ra1 c2 32. Kf2 c1=Q 33. a4 Qb2+
0-1

[Event "Open Chessmaster"]
[Site "SchemingMind.com"]
[Date "2009.02.17"]
[Round "-"]
[White "smothered mate"]
[Black "sidra"]
[Result "1-0"]
[WhiteCountry "POL"]
[BlackCountry "HUN"]
[WhiteElo "1868"]
[WhiteRD "56"]
[BlackElo "1618"]
[BlackRD "84"]
[GameID "192061"]

1. e4 e5 2. Nf3 d6 3. d4 exd4 4. Nxd4 a6 5. Nc3 c5 6. Nf3 h6 7. Bc4 Be6 8. Bd5 Bxd5 9. Nxd5 Nc6 10. Bf4 Nf6
11. O-O Nxd5 12. Qxd5 Qd7 13. c3 Be7 14. Rad1 Rd8 15. Rfe1 O-O 16. e5 Kh8 17. exd6 Bf6 18. Qh5 Kg8 19. Qxc5 Rfe8 20. Qb6 Rc8
21. h3 Rxe1+ 22. Rxe1 Kf8 23. Ne5 Nxe5 24. Bxe5 Bxe5 25. Rxe5 Rc6 26. Qa7 Rxd6 27. Qb8+ Qd8 28. Qxb7 f6 29. Re1 Rb6 30. Qe4 Rxb2
31. Qh7 Kf7 32. Qe4 Qd2 33. Qe8#
1-0

[Event "Open Chessmaster"]
[Site "SchemingMind.com"]
[Date "2009.03.06"]
[Round "-"]
[White "paddyBosnian"]
[Black "flodur"]
[Result "1-0"]
[WhiteCountry "BIH"]
[BlackCountry "AUS"]
[WhiteElo "2139"]
[WhiteRD "108"]
[BlackElo "1795"]
[BlackRD "74"]
[GameID "195271"]

1. d4 Nf6 2. c4 e6 3. Nc3 Bb4 4. Nf3 b6 5. Bg5 Bb7 6. e3 Bxc3+ 7. bxc3 h6 8. Bxf6 Qxf6 9. Bd3 d6 10. e4 Nd7
11. a4 a5 12. Rb1 e5 13. O-O g5 14. c5 g4 15. Nxe5 dxe5 16. cxb6 Nxb6 17. dxe5 Qe6 18. Bb5+ Bc6 19. Bxc6+ Qxc6 20. Qxg4 Kf8
21. Rb5 Nxa4 22. Rfb1 Nb6 23. Qf3 Rg8 24. c4
1-0

[Event "Open Chessmaster"]
[Site "SchemingMind.com"]
[Date "2009.03.06"]
[Round "-"]
[White "flodur"]
[Black "paddyBosnian"]
[Result "0-1"]
[WhiteCountry "AUS"]
[BlackCountry "BIH"]
[WhiteElo "1795"]
[WhiteRD "74"]
[BlackElo "2139"]
[BlackRD "108"]
[GameID "195274"]

1. e4 c6 2. d4 d5 3. Nc3 dxe4 4. Nxe4 Nf6 5. Nxf6+ exf6 6. c3 Bd6 7. Bd3 O-O 8. Qc2 g6 9. Ne2 Re8 10. h4 f5
11. h5 Be6 12. Bd2 Nd7 13. c4 Nf6 14. hxg6 fxg6 15. f3 Qc7 16. O-O-O Nh5 17. g4 Nf4 18. Nxf4 Bxf4 19. gxf5 Bxf5 20. Bxf5 Bxd2+
21. Rxd2 gxf5 22. Rg2+ Kh8 23. Qxf5 Re7
0-1

[Event "Open Chessmaster"]
[Site "SchemingMind.com"]
[Date "2009.05.31"]
[Round "-"]
[White "smothered mate"]
[Black "gannet"]
[Result "1-0"]
[WhiteCountry "POL"]
[BlackCountry "GBR"]
[WhiteElo "1914"]
[WhiteRD "62"]
[BlackElo "1879"]
[BlackRD "104"]
[GameID "206160"]

1. e4 c5 2. c3 e6 3. d4 d5 4. e5 Nc6 5. Nf3 Nge7 6. Na3 Ng6 7. Nc2 Be7 8. Bd3 O-O 9. h4 h6 10. h5 Nh4
11. Nxh4 Bxh4 12. Qg4 Bg5 13. f4 Be7 14. Rh3 f5 15. Qe2 Qb6 16. dxc5 Bxc5 17. b4 Be7 18. Be3 Qc7 19. Kf1 Bd7 20. Kg1 a6
21. Kh1 Kh8 22. g4 Na7 23. Bd4 Nb5 24. gxf5 Nxd4 25. cxd4 exf5 26. Rg1 Be6 27. Rhg3 Rg8 28. Qg2 Bf8 29. a3 Qf7 30. Rg6 Rc8
31. Ne3 Rc3 32. Bxf5 Bxf5 33. Nxf5 Kh7 34. Qg4 Rc6 35. Nxh6
1-0

[Event "Open Chessmaster"]
[Site "SchemingMind.com"]
[Date "2009.05.31"]
[Round "-"]
[White "gannet"]
[Black "smothered mate"]
[Result "0-1"]
[WhiteCountry "GBR"]
[BlackCountry "POL"]
[WhiteElo "1879"]
[WhiteRD "104"]
[BlackElo "1914"]
[BlackRD "62"]
[GameID "206166"]

1. d4 d5 2. c4 e6 3. Nc3 c5 4. cxd5 exd5 5. Nf3 Nf6 6. g3 Nc6 7. Bg2 Be7 8. O-O O-O 9. Bg5 c4 10. Qc2 Bg4
11. Rad1 Rc8 12. Nh4 h6 13. Be3 Qd7 14. b3 b5 15. a4 b4 16. Na2 Na5 17. Nc1 cxb3 18. Qb1 Qxa4 19. Nf5 Rfe8 20. Nxe7+ Rxe7
21. h3 Bd7 22. Nd3 Bf5 23. g4 Bxd3 24. Qxd3 Nc4 25. Rb1 b2 26. g5 hxg5 27. Bxg5 Qd7 28. Qg3 Rc6 29. Qb8+ Kh7 30. Qxb4 Rxe2
31. Qb3 Qf5 32. Bxf6 Rxf6 33. Qg3 a5 34. Qh4+ Rh6 35. Qd8 Rxf2 36. Qxd5 Rxf1+ 37. Rxf1 Qxf1+ 38. Bxf1 Rg6+
0-1

[Event "Open Chessmaster"]
[Site "SchemingMind.com"]
[Date "2009.09.11"]
[Round "-"]
[White "Konan_Kaddosh"]
[Black "paddyBosnian"]
[Result "1-0"]
[WhiteCountry "ITA"]
[BlackCountry "BIH"]
[WhiteElo "2610"]
[WhiteRD "72"]
[BlackElo "2068"]
[BlackRD "107"]
[GameID "218823"]

1. e4 c6 2. d4 d5 3. e5 Bf5 4. Nf3 e6 5. Be2 c5 6. O-O Ne7 7. c4 Nbc6 8. dxc5 Ng6 9. cxd5 Qxd5 10. Qxd5 exd5
11. Be3 Ngxe5 12. Nxe5 Nxe5 13. Nc3 O-O-O 14. Rad1 Be6 15. f4 Nc6 16. f5 d4 17. fxe6 dxe3 18. Rxd8+ Nxd8 19. exf7 Bxc5 20. Rf5 Ne6
21. Re5 Kd7 22. Bg4 Kd6 23. Rxe6+ Kc7 24. b4 Bxb4 25. Nd5+
1-0

[Event "Open Chessmaster"]
[Site "SchemingMind.com"]
[Date "2009.09.11"]
[Round "-"]
[White "paddyBosnian"]
[Black "Konan_Kaddosh"]
[Result "0-1"]
[WhiteCountry "BIH"]
[BlackCountry "ITA"]
[WhiteElo "2068"]
[WhiteRD "107"]
[BlackElo "2610"]
[BlackRD "72"]
[GameID "218827"]

1. d4 Nf6 2. c4 e6 3. Nc3 d5 4. Bg5 Be7 5. e3 O-O 6. Nf3 h6 7. Bxf6 Bxf6 8. Qc2 Na6 9. a3 c5 10. cxd5 cxd4
11. exd4 exd5 12. Bxa6 bxa6 13. O-O Bg4 14. Ne5 Bxe5 15. dxe5 d4 16. f3 dxc3 17. fxg4 Qd4+ 18. Kh1 cxb2 19. Rab1 Rab8 20. Rf2 Rfc8
21. Qf5 Rc1+ 22. Rf1 Qc4 23. e6 Qxf1+
0-1

[Event "Open Chessmaster"]
[Site "SchemingMind.com"]
[Date "2009.11.30"]
[Round "-"]
[White "Konan_Kaddosh"]
[Black "Shaka"]
[Result "1-0"]
[WhiteCountry "ITA"]
[BlackCountry "VEN"]
[WhiteElo "2609"]
[WhiteRD "76"]
[BlackElo "1712"]
[BlackRD "90"]
[GameID "228712"]

1. e4 c6 2. d4 d5 3. e5 Bf5 4. Nf3 e6 5. Be2 Nd7 6. O-O c5 7. c4 Ne7 8. Bg5 h6 9. Bxe7 Bxe7 10. cxd5 cxd4
11. d6 Bg5 12. Nxd4 Bxb1 13. Rxb1 h5 14. Bxh5 O-O 15. Bxf7+ Rxf7 16. Nxe6 Qb6 17. Nxg5 Nxe5 18. Qd5
1-0

[Event "Open Chessmaster"]
[Site "SchemingMind.com"]
[Date "2009.11.30"]
[Round "-"]
[White "Shaka"]
[Black "Konan_Kaddosh"]
[Result "0-1"]
[WhiteCountry "VEN"]
[BlackCountry "ITA"]
[WhiteElo "1719"]
[WhiteRD "99"]
[BlackElo "2632"]
[BlackRD "73"]
[GameID "228722"]

1. e4 c5 2. f4 g6 3. Nf3 Bg7 4. Bc4 Nc6 5. c3 d6 6. O-O Nf6 7. Qe1 d5 8. exd5 Nxd5 9. d3 O-O 10. Nbd2 Nxf4
11. Ne4 Nxd3 12. Bxd3 Qxd3 13. Qh4 Bf5 14. Nxc5 Qb5 15. Nb3 e5 16. Bh6 f6 17. Bxg7 Kxg7 18. Qf2 Rad8 19. Rad1 Rxd1 20. Rxd1 Qa4
21. Ra1 b6 22. Qe2 Nd8 23. Qd1 Ne6 24. Qd6 Qg4 25. h3 Qg3 26. Kf1 Nf4 27. Qd2 Rd8
0-1